000
00332nam a2200133Ia 4500
008
100328s9999 xx 000 0 und d
082
_b
46803
100
_a
बोधे व. बा.
245
_a
बुलबुल.
260
_b
गौरी
630
_a
बुलबुल.
730
_a
बुलबुल.
942
_c
BOOK
999
_c
534715
_d
534712